| 000 | 00399nam a2200145 a 4500 | ||
|---|---|---|---|
| 001 | 3364 | ||
| 003 | CDMR | ||
| 005 | 20130116135243.0 | ||
| 008 | 130130s2000||||||||||||||||||||||||||||d | ||
| 040 |
_aCDMR _bcat _cCDMR |
||
| 100 | 1 |
_aMorales, Juan Miguel _92426 |
|
| 245 | 1 | 0 |
_aRetratos de cantantes _cMORALES, Juan Miguel |
| 260 |
_aAlmeria _c2000 _bJunta de AndalucĂa. ConsejerĂa de Cultura |
||
| 942 | _cMON | ||
| 999 |
_c3364 _d3364 |
||